00960nam a2200229 a 450000100100000000500170001000800410002704000250006808200200009310000400011324500480015326000670020130000200026850000640028859000260035265000280037865000310040691000380043795201170047595201230059299900150071500000976420240412074213.0091001s1989 pr r 000 p spa d aDO-SdBNPbspacBNPHU aRD861.44bC352f1 aCastillo, Nelson del,d1952-92063713aEl final del tiempo /cNelson del Castillo. aSan Juan, Puerto Rico :bTaimiaSanto Domingo :bAlfa y Omega. a81 p. ;c18 cm. aIncluye datos biográficos del autor en la contracubierta. aInventariado, 2018/BT 0aPoesía dominicana966 0aLiteratura dominicana.967 aValidado. Control de calidad. MFF 001050718MOaPDbPDcHDd2009-10-01iLF1l0oRD861.44 C352fp9764-10r2020-06-25w2020-06-25y1ZNo se presta 001050718MOaPDbPDcHDd2009-10-01iLF1l0oRD861.44 C352fp9764-20r2020-06-25te. 2w2020-06-25y1ZNo se presta c9524d9524